000
00341 a2200157 4500
001
192906
020
_a
85-08-08375-0
040
_c
Magnum
100
_a
Iacocca, Liliana
240
1
0
_a
De onde vocĂȘ veio?
_l
por
245
1
0
_a
De onde vocĂȘ veio?
300
_a
48
362
0
_a
2006
697
_a
LITERATURA INFANTO-JUVENIL
942
_c
BK
999
_c
192906
_d
192906